000 01135nam a2200241Ia 4500
999 _c39967
_d39967
001 6573
003 GE_BSU
005 20191018160242.0
008 181216s1973||||g |||||||||||||| ||ge ||
040 _cGE_BSU
041 _ageo
080 _a821.353.1-4 ბ-65
100 _aბიბილური, თამაზ
_94829
245 _aჩქარა! :
_bნარკვევები და წერილები /
_cთამაზ ბიბილური ; რედ. გ. გელაშვილი.
264 _aთბილისი :
_bსაქართველოს კპ ცკ-ის გამ-ბა ;
_c1973.
300 _a216 გვ. ;
_c17 სმ.
500 _aკანზე სათაური : ხელხვავი, ორი ელეგია. ნანადირევი.ლიტერატურული ფურცლებიდან ჩქარა!
653 _aჩქარა
653 _aნარკვევები
653 _aწერილები
700 _aგელაშვილი, გ.
_eრედაქტორი
_94849
942 _cBK
_2udc